02288 a2200265 4500952014200000999001700142020002500159050002000184100002700204245008500231250001900316264004600335300003300381336002600414337002800440338002700468500012400495504005100619505108500670520016401755650001501919700003901934700002301973942002601996 00102lcc40708NFICaMTHLbMTHLcGENd2023-07-13ePurchasei032794l0oRC454.COW 2012p032794r2023-07-13 00:00:00tc.1w2023-07-13yBK c10908d10908 a9780199605613 (pbk.)00aRC454b.COW20121 aCowen, Philip.eauthor10aShorter Oxford textbook of psychiatry /cPhilip Cowen, Paul Harrison, Tom Burns. aSixth edition. 1aOxford :bOxford University Press,c2012. a818 pages :billustrations ; atext2rdacontentbtxt aunmediated2rdamediabn avolume2rdacarrierbnc aRev. ed. of: Shorter Oxford textbook of psychiatry / Michael Gelder, Paul Harrison and Philip Cowen. 5th edition. 2006. aIncludes bibliographical references and index. aChapter advisors ix Symptoms and signs of psychiatric disorders 1 (20) Classification and diagnosis 21 (14) Assessment 35 (34) Ethics and civil law 69 (12) Aetiology 81 (32) Evidence-based approaches to psychiatry 113 (14) Personality and personality disorder 127 (24) Reactions to stressful experiences 151 (24) Anxiety and obsessive-compulsive disorders 175 (28) Somatoform and dissociative disorders 203 (14) Mood disorders 217 (50) Schizophrenia 267 (40) Paranoid symptoms and delusional disorders 307 (14) Dementia, delirium, and other neuropsychiatric disorders 321 (38) Eating disorders and sleep disorders 359 (18) Psychiatry and medicine 377 (30) Suicide and deliberate self-harm 407 (22) The misuse of alcohol and drugs 429 (42) Problems related to sexuality and gender identity 471 (24) Psychiatry of the elderly 495 (22) Drugs and other physical treatments 517 (60) Psychological treatment 577 (42) Psychiatric services 619 (26) Child psychiatry 645 (60) Learning disability (mental retardation) 705 (24) Forensic psychiatry 729 (28) References 757 (66) Index 823  aProvides an introduction to all of the clinical topics required by the trainee psychiatrist, including all the sub-specialties and major psychiatric conditions 0aPsychiatry1 aHarrison, P. J.q(Paul J.),d1960-1 aBurns, Tom,d1946- 2lcccBKh454iCOWkRC